Central Library OPAC University of Rajshahi

Radiation biology and medicine : (Record no. 72740)

MARC details
000 -LEADER
fixed length control field 01328nam a2200301 a 4500
001 - CONTROL NUMBER
control field 72740
003 - CONTROL NUMBER IDENTIFIER
rucl marc code BD-RjUL
005 - DATE AND TIME OF LATEST TRANSACTION
control field 20211209082314.0
008 - FIXED-LENGTH DATA ELEMENTS--GENERAL INFORMATION
fixed length control field 170523s1958 maua b 001 0 eng
035 ## - SYSTEM CONTROL NUMBER
System control number (BD-RjUL)72958
040 ## - CATALOGING SOURCE
Original cataloging agency DLC
Transcribing agency DLC
Modifying agency ICU
-- DLC
-- BD-RjUL
Language of cataloging eng
041 ## - LANGUAGE CODE
Language code of text/sound track or separate title eng
082 00 - DEWEY DECIMAL CLASSIFICATION NUMBER
Edition number 23
Classification number 616.0757
Author mark and year RAD 1958
245 00 - TITLE STATEMENT
Title Radiation biology and medicine :
Remainder of title selected reviews in the life sciences /
Statement of responsibility, etc. Edited by Walter D. Claus.
260 ## - PUBLICATION, DISTRIBUTION, ETC. (IMPRINT)
Place of publication, distribution, etc. Reading, Mass. :
Name of publisher, distributor, etc. Addison-Wesley Pub. Co.,
Date of publication, distribution, etc. c1958.
300 ## - PHYSICAL DESCRIPTION
Pagination xx, 944 p. :
Illustrations ill. ;
Size 24 cm.
500 ## - GENERAL NOTE
General note Prepared for the United States Atomic Energy Commission.
General note "The Geneva presentation volumes presented by the U.S.A. at the Second International Conference on the Peaceful uses of Atomic Energy, Geneva, September 1958."
504 ## - BIBLIOGRAPHY, ETC. NOTE
Bibliography, etc Includes bibliographies.
650 #0 - SUBJECT ADDED ENTRY--TOPICAL TERM
Topical term or geographic name as entry element Radiobiology.
9 (RLIN) 215168
Topical term or geographic name as entry element Nuclear medicine.
9 (RLIN) 215169
700 ## - ADDED ENTRY--PERSONAL NAME
Personal name Claus, Walter D.,
Fuller form of name Editor
710 2# - ADDED ENTRY--CORPORATE NAME
Corporate name or jurisdiction name as entry element U.S. Atomic Energy Commission.
9 (RLIN) 116692
711 2# - ADDED ENTRY--MEETING NAME
Meeting name or jurisdiction name as entry element International Conference on the Peaceful Uses of Atomic Energy
Number of part/section/meeting (2nd :
Date of meeting 1958 :
Location of meeting Geneva, Switzerland)
9 (RLIN) 165249
830 ## - SERIES ADDED ENTRY--UNIFORM TITLE
Uniform title Addison-Wesley books in nuclear science and metallurgy.
942 ## - ADDED ENTRY ELEMENTS (KOHA)
Source of classification or shelving scheme Dewey Decimal Classification
Koha item type Books
Holdings
Lost status Source of classification or shelving scheme Damaged status Not for loan Collection code Permanent Location Current Location Shelving location Date acquired Source of acquisition Cost, normal purchase price Total Checkouts Full call number Date last seen Copy number Koha item type
  Dewey Decimal Classification   Not For Loan Non-fiction Central Library, University of Rajshahi Central Library, University of Rajshahi Reading Room 13/02/1963 Zeitlinger 87.00   616.0757 RAD 1958 23/05/2017 C-1 Books